Statistics for Fullmetal Alchemist Character Quiz

Click here to take the quiz!

General Stats

  • This quiz has been taken 1,363 times
  • The average score is 18 of 36

Answer Stats

HintAnswer% Correct
Fullmetal AlchemistEdward Elric
99%
Elric BrotherAlphonse Elric
94%
HomunculusLust
84%
HomunculusEnvy
83%
HomunculusGreed
83%
Flame AlchemistRoy Mustang
82%
HomunculusPride
80%
HomunculusGluttony
79%
HomunculusSloth
78%
HomunculusWrath
78%
Automail MechanicWinry Rockbell
74%
Sharp ShooterRiza Hawkeye
71%
FurherKing Bradley
66%
Homunculus LeaderFather
61%
He Sparkles...and StripsAlex-Louise Armstrong
60%
Xingese PrinceLing Yao
55%
The Chimera Guy's DaughterNina Tucker
49%
Elric Brother's TeacherIzumi Curtis
44%
The Crazy Chimera GuyShou Tucker
44%
Crazed ButcherBarry the Chopper
42%
JeanHavoc
42%
The Crimson AlchemistKimblee
38%
The Chimera Guy's DogAlexander
36%
Elric MatriarcTrisha Elric
35%
White Gate ImpTruth
35%
GrandmaPinako Rockbell
32%
MariaRoss
30%
Elric PatriarcVan Hoenheim
23%
VatoFalman
21%
Book LadySheska
21%
Well-Trained DogBlack Hayate
20%
KainFuery
20%
Their DogDen
18%
DennyBrosh
14%
Other Elric, YoungerFletcher Tringham
7%
Other Elric, ElderRussell Tringham
5%

Score Distribution

Percentile by Number Answered

Percent of People with Each Score

Your Score History

You have not taken this quiz